[Event "AUTO-ADV-488"]
[Site "http://www.queenalice.com/game.php?id=209746"]
[Date "2007.5.12"]
[Round "1"]
[White "Rogerio"]
[Black "rxk"]
[Result "1-0"]
[WhiteElo "2003"]
[BlackElo "1787"]

1. e4 c5 2. Nf3 d6 3. d4 cxd4 4. Nxd4 e6 5. c4 Nf6 6. Nc3 Nbd7 7. Be2 Be7 8. O-O
O-O 9. f3 a6 10. Be3 e5 11. Nf5 Re8 12. Nxd6 Bxd6 13. Qxd6 Re6 14. Qd2 Qc7 15.
Nd5 Nxd5 16. cxd5 Rg6 17. Qc3 Qd6 18. f4 exf4 19. Bxf4 Qb6+ 20. Be3 Qd6 21. Bh5
Rh6 22. Bxh6 Qxh6 23. Bxf7+ Kh8 24. e5 Nf8 25. Rad1 Bg4 26. Rd2 Rc8 27. Qb4 b5
28. Qxg4 Rc4 29. Qe2 1-0

[Event "AUTO-ADV-488"]
[Site "http://www.queenalice.com/game.php?id=209747"]
[Date "2007.5.12"]
[Round "1"]
[White "rxk"]
[Black "Rogerio"]
[Result "0-1"]
[WhiteElo "1832"]
[BlackElo "1964"]

1. d4 Nf6 2. c4 e6 3. Nc3 Bb4 4. a3 Bxc3+ 5. bxc3 c5 6. Nf3 O-O 7. Bg5 Qa5 8.
Qc2 Ne4 9. Bd2 Nxd2 10. Kxd2 cxd4 11. Nxd4 e5 12. Nf3 d6 13. h4 Nd7 14. Ng5 Nf6
15. h5 h6 16. Ne4 Qd8 17. e3 Nxe4+ 18. Qxe4 f5 19. Qd5+ Kh8 20. g3 Rb8 21. Be2
b6 22. e4 Bb7 0-1

[Event "AUTO-ADV-488"]
[Site "http://www.queenalice.com/game.php?id=209748"]
[Date "2007.5.12"]
[Round "1"]
[White "Rogerio"]
[Black "a13tc38920"]
[Result "1-0"]
[WhiteElo "1948"]
[BlackElo "1765"]

1. e4 c5 2. Nf3 d6 3. d4 cxd4 4. Nxd4 Nf6 5. Nc3 a6 6. Be3 b5 7. f3 Bb7 8. Qd2
Qc7 9. O-O-O Nbd7 10. g4 Ne5 11. Be2 Nfd7 12. b3 Nb6 13. f4 Nc6 14. Nxc6 Qxc6
15. Bf3 Rc8 16. Nd5 Nxd5 17. exd5 Qc3 18. Qxc3 Rxc3 19. Rhe1 e6 20. Kb2 Rc7 21.
Bb6 Re7 22. c4 g6 23. Bd4 Rg8 24. cxb5 axb5 25. Bf6 Rc7 26. Rc1 Kd7 27. dxe6+
fxe6 28. Rxc7+ Kxc7 29. Bxb7 Kxb7 30. Rxe6 Kc6 31. Re8 d5 32. Kc2 Kd7 33. Rd8+
Kc7 34. Rxd5 b4 35. Rd8 h6 36. h4 Kc6 37. Kd3 Kc7 38. Be7 Rg7 39. Bxf8 Kxd8 40.
Bxg7 h5 41. gxh5 1-0

[Event "AUTO-ADV-488"]
[Site "http://www.queenalice.com/game.php?id=209749"]
[Date "2007.5.12"]
[Round "1"]
[White "a13tc38920"]
[Black "Rogerio"]
[Result "0-1"]
[WhiteElo "1728"]
[BlackElo "1957"]

1. d4 Nf6 2. c4 e6 3. Nc3 Bb4 4. Bg5 c5 5. e3 Qa5 6. Qc2 Ne4 7. Qxe4 Bxc3+ 8.
Kd1 Bxb2 9. Rb1 Qa4+ 10. Qc2 Qxc2+ 11. Kxc2 Ba3 12. Bd3 cxd4 13. exd4 Nc6 14.
Nf3 Nb4+ 15. Kc3 Nxd3 16. Kxd3 b6 17. Rhe1 Bd6 18. Be3 O-O 19. Ne5 Bb7 20. c5
Bxe5 21. dxe5 f5 22. cxb6 axb6 23. Rxb6 Bxg2 24. Rg1 Be4+ 25. Kc3 g6 26. Rb2 Bd5
27. Rgb1 Bxa2 28. Ra1 Rac8+ 29. Kd4 Bd5 30. Rb4 f4 31. Bd2 Rc2 32. Kd3 Rcc8 33.
Rxf4 Rxf4 34. Bxf4 Rf8 35. Be3 Rf3 36. Ra7 Bc6 37. Rc7 Kg7 38. Ra7 h6 39. Ra2 g5
40. Rb2 Kg6 41. Rb4 Kf5 42. Ke2 Rh3 43. f4 Rxh2+ 44. Kd3 g4 45. Rc4 Bb5 0-1

[Event "AUTO-OPEN-578"]
[Site "http://www.queenalice.com/game.php?id=220298"]
[Date "2007.6.3"]
[Round "2"]
[White "braseiko"]
[Black "Rogerio"]
[Result "0-1"]
[WhiteElo "1803"]
[BlackElo "2035"]

1. e4 e5 2. Nf3 Nc6 3. Bb5 Nf6 4. O-O Nxe4 5. Re1 Nd6 6. Bxc6 dxc6 7. Rxe5+ Be7
8. d4 O-O 9. Qd3 Bf6 10. Re1 Bf5 11. Qd1 Nb5 12. c3 a5 13. Be3 Re8 14. Nbd2 b6
15. Nf1 Qd5 16. Ng3 Bg4 17. h3 Bxf3 18. Qxf3 Qxf3 19. gxf3 Nd6 20. b3 Nb7 21.
Ne4 Be7 22. a3 Nd6 23. Bf4 f5 24. Ng5 Bxg5 25. Bxg5 Rxe1+ 26. Rxe1 Nb5 27. Re6
Nxc3 28. Rxc6 Ne2+ 29. Kg2 Nxd4 30. Rxc7 Ne6 31. Rb7 Nxg5 0-1

[Event "AUTO-OPEN-578"]
[Site "http://www.queenalice.com/game.php?id=220299"]
[Date "2007.6.3"]
[Round "2"]
[White "Rogerio"]
[Black "braseiko"]
[Result "1-0"]
[WhiteElo "2028"]
[BlackElo "1810"]

1. e4 c5 2. Nf3 e6 3. d4 cxd4 4. Nxd4 Nc6 5. Nc3 a6 6. Be2 Bb4 7. O-O Nf6 8.
Nxc6 bxc6 9. e5 Nd5 10. Ne4 O-O 11. c4 Nb6 12. b3 Be7 13. Be3 Bb7 14. Bf3 f5 15.
Nd6 Bxd6 16. Qxd6 Nc8 17. Qb4 Qc7 18. Bc5 a5 19. Qd2 Re8 20. Qf4 Ne7 21. Bh5 Ng6
22. Bxg6 hxg6 23. Qg3 Kf7 24. Bd6 Qd8 25. Rfd1 Rh8 26. Rd4 g5 27. Rad1 c5 28.
Bxc5 Bc6 29. f3 Rh4 30. Rd6 g4 31. Rxc6 1-0

[Event "AUTO-OPEN-578"]
[Site "http://www.queenalice.com/game.php?id=220304"]
[Date "2007.6.3"]
[Round "2"]
[White "Rogerio"]
[Black "carloswecker"]
[Result "1-0"]
[WhiteElo "2019"]
[BlackElo "1834"]

1. e4 c5 2. Nf3 d6 3. d4 cxd4 4. Nxd4 Nf6 5. Nc3 a6 6. Bg5 e5 7. Bxf6 Qxf6 8.
Nd5 Qd8 9. Nf5 Bxf5 10. exf5 Qa5+ 11. b4 Qd8 12. Bd3 Nd7 13. O-O Nf6 14. Nxf6+
Qxf6 15. Be4 Rb8 16. Qf3 Be7 17. Bxb7 O-O 18. a3 a5 19. bxa5 Bd8 20. a6 Bb6 21.
c4 Bc5 22. a4 Rfe8 23. Rab1 h6 24. Be4 Qe7 25. Rb7 Rxb7 26. axb7 Rb8 27. a5 Qc7
28. Ra1 Ba7 29. a6 Qxc4 30. g4 Qd4 31. Rc1 Rf8 32. Qe2 d5 33. Rd1 Qxe4 34. Qxe4
dxe4 35. Re1 f6 36. Rxe4 Rd8 37. Rc4 Kh7 38. Rc8 Rd6 39. Ra8 Rxa6 40. b8=Q Bxb8
41. Rxa6 Bc7 42. Ra8 Bb6 43. h4 Bd4 44. h5 Bc3 45. f3 Bd2 46. Kf2 Bf4 47. Ke2
Bg5 48. Kd3 Bf4 49. Ke4 Bg5 50. Kd5 Bf4 51. Ke6 Bg5 52. Kf7 Bf4 53. Rg8 Bg5 54.
Rxg7+ Kh8 55. Kg6 Bf4 56. Kxf6 Bg5+ 57. Kg6 Be3 58. f6 1-0

[Event "AUTO-OPEN-578"]
[Site "http://www.queenalice.com/game.php?id=220305"]
[Date "2007.6.3"]
[Round "2"]
[White "carloswecker"]
[Black "Rogerio"]
[Result "0-1"]
[WhiteElo "1841"]
[BlackElo "2010"]

1. d4 Nf6 2. c4 e6 3. Nc3 Bb4 4. e3 c5 5. Bd3 Nc6 6. Nf3 Bxc3+ 7. bxc3 d6 8. O-O
e5 9. Ng5 O-O 10. Ne4 Bf5 11. Nxf6+ Qxf6 12. e4 Bd7 13. d5 Ne7 14. f4 exf4 15.
Bxf4 Ng6 16. Bg3 Qe7 17. a4 f6 18. a5 Ne5 19. Be2 Be8 20. Bd3 Bg6 21. h3 Rae8
22. Rb1 Nxd3 23. Qxd3 Bxe4 24. Qe3 Bxb1 25. Qxe7 Rxe7 26. Bxd6 Rfe8 27. Bxe7
Rxe7 28. Rxb1 Kf7 29. Kf2 Ke8 30. Rb5 Rc7 31. d6 Rd7 32. Rxc5 Rxd6 33. Rd5 Kd7
34. Rxd6+ Kxd6 35. Ke3 Kc5 36. Kd3 g6 37. g4 h5 38. gxh5 gxh5 39. h4 b6 40. axb6
axb6 41. Kd2 Kxc4 42. Kc2 b5 43. Kd2 f5 0-1

[Event "AUTO-ADV-482"]
[Site "http://www.queenalice.com/game.php?id=256261"]
[Date "2007.8.16"]
[Round "2"]
[White "acbrasileiro"]
[Black "Rogerio"]
[Result "1/2-1/2"]
[WhiteElo "1951"]
[BlackElo "2039"]

1. d4 Nf6 2. e3 g6 3. Bd3 Bg7 4. Nf3 O-O 5. O-O d6 6. Nbd2 Nbd7 7. c4 e5 8. d5
Re8 9. e4 c5 10. dxc6 bxc6 11. b3 c5 12. Re1 a5 13. a4 Nf8 14. Nf1 Ne6 15. Bg5
Nxg5 16. Nxg5 Bh6 17. Nf3 Rb8 18. Rb1 Bb7 19. h3 Bc6 20. N3h2 Rb4 21. Ng4 Nxg4
22. Qxg4 Qb6 23. Qh4 Kg7 24. Bc2 Qd8 25. Qxd8 Rxd8 26. Rbd1 Rb7 27. Ne3 Bg5 28.
Nd5 h5 29. Rd3 Bxd5 30. Rxd5 Be7 31. Red1 1/2-1/2

[Event "AUTO-ADV-482"]
[Site "http://www.queenalice.com/game.php?id=256262"]
[Date "2007.8.16"]
[Round "2"]
[White "Rogerio"]
[Black "acbrasileiro"]
[Result "1/2-1/2"]
[WhiteElo "2035"]
[BlackElo "1999"]

1. e4 c5 2. Nf3 d6 3. d4 cxd4 4. Nxd4 Nf6 5. Nc3 a6 6. Be3 e6 7. f3 Nc6 8. Qd2
Ne5 9. O-O-O d5 10. exd5 Nxd5 11. Bf2 Bb4 12. Nde2 Qa5 13. Bd4 Nxc3 14. Nxc3 O-O
15. Qe3 Nc6 16. Bb6 Qe5 17. Qxe5 Nxe5 18. Ne4 Nd7 19. Bc7 b5 20. Nd6 Ra7 21.
Nxc8 Rxc7 22. Nd6 Bxd6 23. Rxd6 Nb8 24. g3 g6 25. Bg2 Rfc8 26. Rd2 a5 27. Rhd1
Kg7 28. a3 Na6 29. Kb1 b4 30. axb4 Nxb4 31. c3 Nd5 32. f4 Ne3 33. Rc1 Rb8 34.
Re2 Nxg2 35. Rxg2 Kf6 36. Rd2 Kf5 37. Ka2 Kg4 38. Ka3 h5 39. c4 h4 40. Rd3 hxg3
1/2-1/2

[Event "AUTO-ADV-482"]
[Site "http://www.queenalice.com/game.php?id=256268"]
[Date "2007.8.16"]
[Round "2"]
[White "Brandt"]
[Black "Rogerio"]
[Result "0-1"]
[WhiteElo "1861"]
[BlackElo "2051"]

1. d4 Nf6 2. c4 e6 3. Nf3 d5 4. Nc3 Be7 5. Bf4 O-O 6. e3 c5 7. h3 Nc6 8. cxd5
Nxd5 9. Nxd5 Qxd5 10. Qc2 cxd4 11. Bd3 Bb4+ 12. Nd2 Bxd2+ 13. Qxd2 dxe3 14. Qxe3
Qd4 15. O-O-O Qxe3+ 16. Bxe3 Ne5 17. Kb1 Nxd3 18. Rxd3 b6 19. Rhd1 Bb7 20. g3
Be4 0-1

[Event "AUTO-ADV-482"]
[Site "http://www.queenalice.com/game.php?id=256269"]
[Date "2007.8.16"]
[Round "2"]
[White "Rogerio"]
[Black "joules"]
[Result "1/2-1/2"]
[WhiteElo "2057"]
[BlackElo "2037"]

1. e4 c6 2. d4 d5 3. Nc3 dxe4 4. Nxe4 Bf5 5. Ng3 Bg6 6. h4 h6 7. Nf3 Nf6 8. Ne5
Bh7 9. Bd3 Bxd3 10. Qxd3 e6 11. Bd2 c5 12. dxc5 Qxd3 13. Nxd3 Nc6 14. Bc3 Nd5
15. Bd2 a5 16. Ne4 O-O-O 17. a3 Nd4 18. O-O-O Nc6 19. Bf4 Nxf4 20. Nxf4 Be7 21.
g3 Kc7 22. Rd3 Ne5 23. Rxd8 Rxd8 24. Rd1 Rxd1+ 25. Kxd1 Nc4 26. Nd3 Kc6 27. Ke2
f5 28. Nd2 Nxd2 29. Kxd2 Bxc5 30. Nxc5 Kxc5 31. f4 Kd4 32. Ke2 1/2-1/2

[Event "AUTO-ADV-482"]
[Site "http://www.queenalice.com/game.php?id=256270"]
[Date "2007.8.16"]
[Round "2"]
[White "joules"]
[Black "Rogerio"]
[Result "1-0"]
[WhiteElo "2038"]
[BlackElo "2056"]

1. Nf3 d5 2. g3 Nf6 3. Bg2 c6 4. d3 Bg4 5. b3 Nbd7 6. Bb2 e6 7. Nbd2 Bd6 8. O-O
O-O 9. h3 Bh5 10. Qe1 e5 11. e4 Re8 12. Nh4 a5 13. Nf5 Bc5 14. a3 Bg6 15. Kh2
Bxf5 16. exf5 d4 17. Qe2 Qc8 18. g4 Nd5 19. Be4 N7f6 20. Qf3 h6 21. Rg1 Be7 22.
Rae1 Nb6 23. Bc1 Nfd5 24. Nc4 Nxc4 25. bxc4 Nf6 26. g5 hxg5 27. Bxg5 Nxe4 28.
Bxe7 Rxe7 29. Rxe4 f6 30. Qh5 Qe8 31. Rg6 1-0

[Event "AUTO-OPEN-582"]
[Site "http://www.queenalice.com/game.php?id=264642"]
[Date "2007.8.31"]
[Round "2"]
[White "Rogerio"]
[Black "mvmendes"]
[Result "0-1"]
[WhiteElo "2038"]
[BlackElo "1876"]

1. e4 e6 2. d4 d5 3. Nd2 c5 4. Ngf3 cxd4 5. exd5 Qxd5 6. Bc4 Qd6 7. O-O Nf6 8.
Nb3 Be7 9. Nbxd4 O-O 10. Nb5 Qc6 11. b3 a6 12. Nbd4 Qd6 13. Re1 b5 14. Bd3 Bb7
15. c3 Rd8 16. Bb2 Nc6 17. Nxc6 Bxc6 18. Ne5 Bb7 19. Bc2 Qc5 20. Qe2 Rac8 21.
Rad1 h6 22. Rxd8+ Rxd8 23. c4 bxc4 24. Nxc4 Qg5 25. Ne3 Bb4 26. Rf1 Rd2 27. Bxf6
Qxf6 28. Qc4 Bd6 29. a4 Qf4 30. Qxf4 Bxf4 31. Bd1 Bxe3 32. fxe3 Rxg2+ 0-1

[Event "AUTO-OPEN-582"]
[Site "http://www.queenalice.com/game.php?id=264643"]
[Date "2007.8.31"]
[Round "2"]
[White "mvmendes"]
[Black "Rogerio"]
[Result "1-0"]
[WhiteElo "1898"]
[BlackElo "2016"]

1. d4 Nf6 2. Nf3 e6 3. c4 d5 4. Bg5 Be7 5. Nc3 h6 6. Bxf6 Bxf6 7. e3 O-O 8. cxd5
exd5 9. Bd3 c5 10. Bc2 cxd4 11. Nxd4 Nc6 12. Qd3 g6 13. O-O Nxd4 14. exd4 Bf5
15. Qd2 Bxc2 16. Qxc2 Bxd4 17. Rad1 Bxc3 18. Qxc3 Qg5 19. Qb3 b6 20. Rxd5 Qf4
21. g3 Qf6 22. Rd7 a5 23. Rb7 Rfb8 24. Rxb8+ Rxb8 25. Rd1 b5 26. Rd7 b4 27. Qd5
a4 28. b3 a3 29. Qd2 Kg7 30. Rd4 Kh7 31. Rh4 h5 32. Rd4 Rb7 33. h3 Qf5 34. Kg2
g5 35. Rd5 1-0

[Event "AUTO-OPEN-582"]
[Site "http://www.queenalice.com/game.php?id=264644"]
[Date "2007.8.31"]
[Round "2"]
[White "Rogerio"]
[Black "gdan"]
[Result "0-1"]
[WhiteElo "2075"]
[BlackElo "2032"]

1. e4 d6 2. d4 Nf6 3. Nc3 g6 4. Be3 Bg7 5. Qd2 O-O 6. O-O-O Nc6 7. f3 Re8 8. h4
Nh5 9. Bf2 e5 10. d5 Nd4 11. Nge2 Nxe2+ 12. Bxe2 Nf4 13. g4 Nxe2+ 14. Qxe2 c5
15. Be3 a6 16. h5 b5 17. hxg6 hxg6 18. Qh2 f6 19. Qh7+ Kf7 20. Rh6 Rg8 21. Qxg6+
Kf8 22. Rh7 Ra7 23. g5 Bd7 24. Rxg7 Rxg7 25. Qxf6+ Qxf6 26. gxf6 Rg6 27. f7 Rg3
28. Rf1 Bh3 29. Ne2 Rg6 30. Rf2 Rxf7 31. b3 Rg2 0-1

[Event "AUTO-OPEN-582"]
[Site "http://www.queenalice.com/game.php?id=264645"]
[Date "2007.8.31"]
[Round "2"]
[White "gdan"]
[Black "Rogerio"]
[Result "0-1"]
[WhiteElo "2048"]
[BlackElo "2059"]

1. e4 e5 2. Nf3 Nc6 3. Bb5 a6 4. Ba4 Nf6 5. O-O Be7 6. Re1 b5 7. Bb3 O-O 8. c3
d5 9. exd5 Nxd5 10. Nxe5 Nxe5 11. Rxe5 c6 12. d4 Bd6 13. Rh5 Re8 14. Bxd5 cxd5
15. Bg5 Qc7 16. Nd2 Bf5 17. Nf1 g6 18. Rh4 Be7 19. Bxe7 Qxe7 20. Rh6 Qg5 21. Qd2
Qxd2 22. Nxd2 Re2 23. Nf3 Rxb2 24. Ng5 f6 25. Nf3 Kg7 26. Rh4 g5 27. Rh5 Kg6 28.
Rh3 Bxh3 29. gxh3 Rc8 0-1

[Event "AUTO-ADV-488"]
[Site "http://www.queenalice.com/game.php?id=295192"]
[Date "2007.10.30"]
[Round "2"]
[White "Amadeus"]
[Black "Rogerio"]
[Result "1-0"]
[WhiteElo "2522"]
[BlackElo "1998"]

1. e4 e5 2. Nf3 Nc6 3. Bc4 Nf6 4. Ng5 d5 5. exd5 Na5 6. Bb5+ c6 7. dxc6 bxc6 8.
Be2 h6 9. Nf3 e4 10. Ne5 Bd6 11. d4 exd3 12. Nxd3 Qc7 13. b3 O-O 14. Bb2 Ne4 15.
Nc3 f5 16. h3 Bb7 17. O-O a6 18. f4 c5 19. Nxe4 Bxe4 20. Bf3 Bxf3 21. Qxf3 c4
22. Ne5 1-0

[Event "AUTO-ADV-488"]
[Site "http://www.queenalice.com/game.php?id=295193"]
[Date "2007.10.30"]
[Round "2"]
[White "Rogerio"]
[Black "Amadeus"]
[Result "0-1"]
[WhiteElo "1995"]
[BlackElo "2446"]

1. e4 c5 2. Nf3 d6 3. d4 cxd4 4. Nxd4 Nf6 5. Nc3 e6 6. g4 h6 7. h4 Be7 8. Rg1 d5
9. Bf4 a6 10. exd5 Nxd5 11. Nxd5 Qxd5 12. Bg2 Qa5+ 13. Bd2 Qb6 14. Nb3 Bxh4 15.
Be3 Qxe3+ 0-1

[Event "AUTO-ADV-488"]
[Site "http://www.queenalice.com/game.php?id=295194"]
[Date "2007.10.30"]
[Round "2"]
[White "combat"]
[Black "Rogerio"]
[Result "0-1"]
[WhiteElo "1727"]
[BlackElo "1993"]

1. e4 e5 2. Nf3 Nc6 3. d4 exd4 4. Nxd4 Bc5 5. Be3 Qf6 6. c3 Nge7 7. Be2 O-O 8.
O-O Bb6 9. Nxc6 Nxc6 10. Bxb6 axb6 11. Bc4 Ne5 12. Bb3 d6 13. Nd2 Bg4 14. f3 Be6
15. Bxe6 Qxe6 16. f4 Nd3 17. Qe2 Nxb2 18. f5 Qf6 19. c4 c6 20. Kh1 Na4 21. Qe3
Nc5 22. g4 h6 23. Nf3 Rfe8 24. g5 hxg5 25. Nxg5 Re7 26. Qf4 Nd3 27. Qh4 Qh6 28.
Qxh6 gxh6 29. Rf3 hxg5 30. f6 Ne5 31. Rg3 Re6 32. Rxg5+ Ng6 33. h4 Ra5 34. Rag1
Rxg5 35. Rxg5 Kf8 36. h5 Nf4 37. Rf5 Rxe4 38. Rg5 Rxc4 39. Rg4 Rc1+ 40. Kh2 Nxh5
41. Rh4 Nxf6 0-1

[Event "AUTO-ADV-488"]
[Site "http://www.queenalice.com/game.php?id=295195"]
[Date "2007.10.30"]
[Round "2"]
[White "Rogerio"]
[Black "combat"]
[Result "1-0"]
[WhiteElo "2034"]
[BlackElo "1733"]

1. e4 e5 2. Nf3 Nc6 3. Bb5 d6 4. d4 Bd7 5. Nc3 Nf6 6. O-O Be7 7. Re1 O-O 8. Bxc6
Bxc6 9. dxe5 dxe5 10. Qxd8 Rfxd8 11. Nxe5 Nxe4 12. Nxc6 bxc6 13. Nxe4 f5 14. Ng3
g6 15. Rxe7 Rd1+ 16. Nf1 h5 17. b3 1-0